[Event "UKR-ch rapid"]
[Site "Omelnyk"]
[Date "2017.10.12"]
[Round "4"]
[White "Bernadskiy, Vitaliy"]
[Black "Tatarinov, Maxim"]
[Result "1-0"]
[WhiteElo "2570"]
[BlackElo "2302"]
[PlyCount "63"]
[EventDate "2017.10.12"]
[EventType "swiss (rapid)"]
[EventRounds "9"]
[EventCountry "UKR"]
[SourceTitle "CBM 181 Extra"]
[Source "ChessBase"]
[SourceDate "2017.12.12"]
[SourceVersion "1"]
[SourceVersionDate "2017.12.12"]
[SourceQuality "1"]

1. e4 c5 2. Nf3 g6 3. c3 d6 4. d4 Nf6 5. dxc5 Nc6 6. Bb5 Nxe4 7. Qd4 Nf6 8. cxd6 Qxd6 9. Qxd6 exd6 10. 0-0 Bd7 11. Re1+ Ne7 12. Na3 0-0-0 13. Ng5 Be6 14. Nxe6 fxe6 15. Rxe6 Nfd5 16. Bg5 a6 17. Bc4 Rd7 18. Rae1 h6 19. Bh4 g5 20. Bg3 Nf4 21. Bxf4 gxf4 22. Rf6 Kc7 23. Be6 Rd8 24. Rxf4 Ng6 25. Rf7+ Kb8 26. Bd5 b5 27. Nc2 Ne5 28. Rb7+ Kc8 29. Nb4 Rd7 30. Rb6 Bg7 31. Nxa6 Kd8 32. f4 1-0

[Event "UKR-ch"]
[Site "Simferopol"]
[Date "2003.11.08"]
[Round "5"]
[White "Tatarinov, Maxim"]
[Black "Myshakov, Fyodor"]
[Result "1/2-1/2"]
[WhiteElo "2297"]
[BlackElo "2178"]
[PlyCount "164"]
[EventDate "2003.11.04"]
[EventType "swiss"]
[EventRounds "9"]
[EventCountry "UKR"]
[SourceTitle "CBM 097 Extra"]
[Source "ChessBase"]
[SourceDate "2004.01.13"]
[SourceVersion "1"]
[SourceVersionDate "2004.01.13"]
[SourceQuality "1"]

1. Nf3 d5 2. g3 Nf6 3. Bg2 e6 4. 0-0 Bd6 5. c4 c6 6. b3 0-0 7. Bb2 Nbd7 8. d3 b6 9. Nbd2 Bb7 10. Rc1 Rc8 11. Rc2 Qe7 12. Qa1 c5 13. Rfc1 d4 14. b4 Bc6 15. b5 Ba8 16. Re1 Qd8 17. e3 e5 18. exd4 exd4 19. Ba3 Qc7 20. Qd1 Rfe8 21. Nf1 Ne5 22. Nxe5 Bxe5 23. Bxa8 Rxa8 24. Qf3 Bd6 25. Rce2 Qd7 26. Bc1 Rxe2 27. Qxa8+ Qe8 28. Qxe8+ Rxe8 29. Rxe8+ Nxe8 30. Kg2 f5 31. Kf3 Kf7 32. Ke2 Nc7 33. Nd2 Ne6 34. Nf3 Kf6 35. Ne1 g5 36. Ng2 h6 37. h4 Kg6 38. hxg5 hxg5 39. Kf3 Nc7 40. Ne1 Ne8 41. Nc2 Nf6 42. a4 Nd7 43. Ba3 Bc7 44. Na1 Kf6 45. Nb3 Kg6 46. Nd2 Ne5+ 47. Ke2 Nd7 48. Bc1 Nf6 49. Nf3 Nh7 50. Kd1 Bd6 51. Ke1 Bc7 52. Ke2 Bd6 53. Ba3 Bc7 54. a5 Nf6 55. a6 Nh7 56. Bc1 Bd6 57. Kd1 Be7 58. Ke1 Bd6 59. Ke2 Bc7 60. Bb2 Nf6 61. Bxd4 cxd4 62. Nxd4 Nd7 63. Nc6 Bb8 64. d4 Kf6 65. c5 bxc5 66. dxc5 Bc7 67. b6 Nxb6 68. Nxa7 Na8 69. Nc6 Ke6 70. Nd4+ Ke5 71. Nf3+ Kd5 72. Nxg5 Kxc5 73. Kf3 Kb6 74. Nf7 Kxa6 75. Nh6 f4 76. gxf4 Nb6 77. f5 Nd7 78. Kg4 Kb7 79. Kg5 Be5 80. Ng4 Bd4 81. f4 Bc3 82. f6 Nxf6 1/2-1/2

[Event "UKR-ch"]
[Site "Simferopol"]
[Date "2003.11.04"]
[Round "1"]
[White "Tatarinov, Maxim"]
[Black "Kononenko, Dmitry"]
[Result "1/2-1/2"]
[WhiteElo "2297"]
[BlackElo "2468"]
[PlyCount "150"]
[EventDate "2003.11.04"]
[EventType "swiss"]
[EventRounds "9"]
[EventCountry "UKR"]
[SourceTitle "CBM 097 Extra"]
[Source "ChessBase"]
[SourceDate "2004.01.13"]
[SourceVersion "1"]
[SourceVersionDate "2004.01.13"]
[SourceQuality "1"]

1. Nf3 Nf6 2. c4 g6 3. g3 Bg7 4. Bg2 0-0 5. Nc3 d6 6. d4 Nbd7 7. d5 e5 8. dxe6 fxe6 9. 0-0 Qe7 10. Be3 c6 11. Qd2 d5 12. cxd5 exd5 13. Rac1 Nb6 14. b3 Bf5 15. a4 c5 16. Nxd5 Nbxd5 17. Bxc5 Qd8 18. Bxf8 Ne4 19. Be7 Nxe7 20. Qxd8+ Rxd8 21. Rc7 Rd7 22. Rxd7 Bxd7 23. Ne5 Bf5 24. Nc4 Nc5 25. Nd6 Nxb3 26. Nxf5 gxf5 27. Rb1 Nc5 28. a5 a6 29. Rc1 Nb3 30. Rc7 Kf8 31. Rxb7 Nxa5 32. Rb6 Nc4 33. Rxa6 Be5 34. e3 Kf7 35. Bf1 Nd2 36. Be2 Ne4 37. Bc4+ Kg7 38. Kg2 Nc5 39. Rb6 Ne4 40. Bd3 Nc5 41. Bc4 Ne4 42. Bb3 Nc5 43. Bc2 Bc7 44. Rb5 Bd6 45. h3 h6 46. g4 fxg4 47. hxg4 Nd5 48. Bb3 Nf6 49. f3 Kf8 50. Bc4 Ncd7 51. Be2 Bc5 52. e4 Bd6 53. g5 hxg5 54. Rxg5 Ke7 55. Ra5 Be5 56. Bb5 Nf8 57. Bc4 Ng6 58. Kf2 Bd4+ 59. Kg3 Be5+ 60. Kf2 Bd4+ 61. Ke2 Nf4+ 62. Kd2 Ng6 63. Ra6 Nf4 64. Rc6 Nd7 65. Rh6 Ne5 66. Be2 Ng2 67. Ra6 Be3+ 68. Kd1 Nf4 69. Ra3 Bc5 70. Ra5 Kd6 71. Ra6+ Kc7 72. Ra5 Kd6 73. Rb5 Ng2 74. Rb3 Nf4 75. Kd2 Nc6 1/2-1/2